000
00346cam a2200145ua 4500
041
_a
eng
_h
082
_a
425
_b
GAS/BE
100
_a
Gaskin, E.A .
245
_a
Better Composition /
_c
Gaskin.
_h
Textual Documents
260
_a
Poona :
_b
United Book Corporation ,
_c
1960.
300
_a
; .
504
_a
942
_c
BK
999
_c
12417
_d
12417